<?xml version="1.0" encoding="UTF-8"?>
<record
    xmlns:xsi="http://www.w3.org/2001/XMLSchema-instance"
    xsi:schemaLocation="http://www.loc.gov/MARC21/slim http://www.loc.gov/standards/marcxml/schema/MARC21slim.xsd"
    xmlns="http://www.loc.gov/MARC21/slim">

  <leader>01615nam a2200205 a 4500</leader>
  <controlfield tag="008">161215t2015    ag a|||g |||| 00| p spa d</controlfield>
  <datafield tag="020" ind1=" " ind2=" ">
    <subfield code="a">9789876044479</subfield>
  </datafield>
  <datafield tag="041" ind1=" " ind2=" ">
    <subfield code="a">spa</subfield>
  </datafield>
  <datafield tag="092" ind1=" " ind2=" ">
    <subfield code="c">808.8</subfield>
    <subfield code="l">91</subfield>
    <subfield code="s">VER</subfield>
  </datafield>
  <datafield tag="100" ind1="1" ind2=" ">
    <subfield code="a">Vera, Clara Miriam</subfield>
    <subfield code="9">3270</subfield>
  </datafield>
  <datafield tag="245" ind1=" " ind2="3">
    <subfield code="a">La libertad de s&#xE1;banas al viento /</subfield>
    <subfield code="c">Clara Miriam Vera</subfield>
  </datafield>
  <datafield tag="250" ind1=" " ind2=" ">
    <subfield code="a">1a ed.</subfield>
  </datafield>
  <datafield tag="260" ind1=" " ind2=" ">
    <subfield code="a">Neuqu&#xE9;n:</subfield>
    <subfield code="b">EDUCO;</subfield>
    <subfield code="c">2015.</subfield>
  </datafield>
  <datafield tag="300" ind1=" " ind2=" ">
    <subfield code="a">93 p.</subfield>
    <subfield code="b">23x16 cm</subfield>
  </datafield>
  <datafield tag="500" ind1=" " ind2=" ">
    <subfield code="a">Vera, C. M. (2015). La libertad de s&#xE1;banas al viento. (1a ed.). Neuqu&#xE9;n : EDUCO.</subfield>
  </datafield>
  <datafield tag="505" ind1=" " ind2=" ">
    <subfield code="a">En la jerga futbol&#xED;stica se dice que el potrero de barrio, donde los pibes y las pibas ensayan sus intentos de gambetas, es el "semillero" de los grandes equipos. En este compilado de frescos versos, tenemos un "semillero" de las letras patag&#xF3;nicas y, a la vez, argentinas. Pero, curiosamente, cuando se recorre Am&#xE9;rica Latina a trav&#xE9;s de sus expresiones sin fama ni renombre, a trav&#xE9;s de esas deslumbrantes Bases Sociales, el viajero se tropieza con extraordinarias poetisas. Algunas lograron publicar sus sentimientos; otras recitan en los retoranes lo que han escrito con sus manos en enrollados papelitos. Y ellas concuerdan que esa efervescencia literaria merece derrumbar fronteras pol&#xED;ticas y difundir, cual fen&#xF3;meno gaseoso, de una Oc&#xE9;ano al otro, del Polo Sur al R&#xED;o Bravo. Por eso las letras son irreverentes con las l&#xED;neas imaginarias de los mapas. En este compendio po&#xE9;tico tenemos una semilla que puede arraigar en un insospechado rinc&#xF3;n del Continente.  </subfield>
  </datafield>
  <datafield tag="590" ind1=" " ind2=" ">
    <subfield code="a">Proyecto 4to libro. Donaci&#xF3;n EDUCO, Septiembre 2017.</subfield>
  </datafield>
  <datafield tag="655" ind1=" " ind2=" ">
    <subfield code="a">Poesia</subfield>
    <subfield code="9">2929</subfield>
  </datafield>
  <datafield tag="942" ind1=" " ind2=" ">
    <subfield code="2">ddc</subfield>
    <subfield code="c">LIT</subfield>
  </datafield>
  <datafield tag="999" ind1=" " ind2=" ">
    <subfield code="c">2438</subfield>
    <subfield code="d">2438</subfield>
  </datafield>
  <datafield tag="952" ind1=" " ind2=" ">
    <subfield code="0">0</subfield>
    <subfield code="1">0</subfield>
    <subfield code="2">ddc</subfield>
    <subfield code="4">0</subfield>
    <subfield code="7">0</subfield>
    <subfield code="a">BFM</subfield>
    <subfield code="b">BFM</subfield>
    <subfield code="c">CR</subfield>
    <subfield code="d">2017-09-14</subfield>
    <subfield code="e">Proyecto 4to Libro. Donaci&#xF3;n EDUCO, Septiembre 2017.</subfield>
    <subfield code="l">0</subfield>
    <subfield code="o">808.8 91 VER</subfield>
    <subfield code="p">3897</subfield>
    <subfield code="r">2017-09-14</subfield>
    <subfield code="t">Ej. 1</subfield>
    <subfield code="w">2017-09-14</subfield>
    <subfield code="y">LIT</subfield>
    <subfield code="z">Proyecto 4to Libro. Donaci&#xF3;n EDUCO, Septiembre 2017.</subfield>
  </datafield>
  <datafield tag="952" ind1=" " ind2=" ">
    <subfield code="0">0</subfield>
    <subfield code="1">0</subfield>
    <subfield code="2">ddc</subfield>
    <subfield code="4">0</subfield>
    <subfield code="7">0</subfield>
    <subfield code="a">BFM</subfield>
    <subfield code="b">BFM</subfield>
    <subfield code="c">CR</subfield>
    <subfield code="d">2017-09-14</subfield>
    <subfield code="e">royecto 4to Libro. Donaci&#xF3;n EDUCO, Septiembre 2017.</subfield>
    <subfield code="l">0</subfield>
    <subfield code="o">808.8 91 VER</subfield>
    <subfield code="p">3898</subfield>
    <subfield code="r">2017-09-14</subfield>
    <subfield code="t">Ej. 2</subfield>
    <subfield code="w">2017-09-14</subfield>
    <subfield code="y">LIT</subfield>
    <subfield code="z">Proyecto 4to Libro. Donaci&#xF3;n EDUCO, Septiembre 2017.</subfield>
  </datafield>
</record>
